| 000 | 00486nam a2200133 4500 | ||
|---|---|---|---|
| 999 |
_c9030 _d9030 |
||
| 008 | 180404b ||||| |||| 00| 0 eng d | ||
| 082 | _aDPer 050 Dec 2015-Mar 2016 T48 v186-187 | ||
| 100 |
_927134 _aFeeney, Nolan. |
||
| 245 |
_aOn her new album, pop writer Sia finds treasure in other stars' trash/ _cNolan Feeney. |
||
| 260 |
_aNew York: _bTime Inc., _c©Dec 2015-Mar 2016. |
||
| 300 |
_av187 n4, pages 43-44: _billustrations; _c27 cm. |
||
| 650 | 0 |
_927135 _aMusic. |
|
| 942 |
_2ddc _cPER |
||